Glaskunst im Böhmerwald /

Hlavní autor: Lněničková, Jitka, 1960-
Jazyk: Němčina
Vydáno: Sušice : Nakladatelství Dr. Radovan Rebstöck, 1997
Vydání: Vyd. 1. (něm.).
Témata:
Fyzický popis: 72 s., 27 barev. obrazových příloh : il. ; 23 cm
Knihy
Uloženo v:
LEADER 01351nam a2200385 a 4500
001 000191743
003 CZ BrMZK
005 20080214085558.0
007 ta
008 010907s1997 xr e f ger d
015 |a cnb000214116 
020 |a 80-85301-55-5 
035 |a (OCoLC)38454437 
040 |a BOA001  |b cze 
043 |a e-xr---  |a e-gx---  |a e-au---  |b e-xr-cc  |2 czenas 
080 |a 666.1/.2  |2 MRF 
080 |a 748  |2 MRF 
080 |a (437.31-13)  |2 MRF 
080 |a (036)  |2 MRF 
100 1 |a Lněničková, Jitka,  |d 1960-  |7 jo20000067486  |4 aut 
245 1 0 |a Glaskunst im Böhmerwald /  |c Jitka Lněničková 
250 |a Vyd. 1. (něm.). 
260 |a Sušice :  |b Nakladatelství Dr. Radovan Rebstöck,  |c 1997 
300 |a 72 s., 27 barev. obrazových příloh :  |b il. ;  |c 23 cm 
500 |a Bibliogr. 
650 0 7 |a sklářství  |7 ph125595  |z Česko  |2 czenas 
650 0 7 |a sklářství  |7 ph125595  |x dějiny  |2 czenas 
650 0 7 |a umělecké sklářství  |7 ph346541  |z Česko  |2 czenas 
650 0 7 |a umělecké sklářství  |7 ph346541  |x dějiny  |2 czenas 
655 7 |a informační publikace  |7 fd132454  |2 czenas 
651 7 |a Šumava (pohoří)  |7 ge128617  |2 czenas 
765 0 |t Šumavské sklářství 
910 |a BOA001  |b 2-1033.906 
990 |a BK 
996 6 |b 2610053685  |c 2-1033.906  |l MZK  |r Sklad / do 1 hodiny  |n 6  |p p.v.  |w 000191743  |u 000010  |a 1  |e BOA001  |j MZK50  |s P